[Event "Mittelfrank Regionalliga Nord-West 2223"]
[Site "Mittelfranken"]
[Date "2022.10.23"]
[Round "2.4"]
[White "Roeber, Juergen"]
[Black "Dittmann, Rainer"]
[Result "1/2-1/2"]
[WhiteElo "2072"]
[BlackElo "1910"]
[PlyCount "96"]
[EventDate "2022.10.09"]
[EventType "team-tourn"]
[EventRounds "9"]
[EventCountry "GER"]
[SourceTitle "EXT 2024"]
[Source "ChessBase"]
[SourceDate "2023.10.10"]
[SourceVersion "1"]
[SourceVersionDate "2023.10.10"]
[SourceQuality "1"]
[WhiteTeam "Bamberg II"]
[BlackTeam "Schweinfurt"]
[WhiteTeamCountry "GER"]
[BlackTeamCountry "GER"]

1. e4 d5 2. exd5 Nf6 3. d4 Nxd5 4. c4 Nb6 5. Nf3 Bg4 6. Be2 e6 7. 0-0 Be7 8. Nc3 N8d7 9. c5 Nc8 10. c6 bxc6 11. h3 Bf5 12. Qa4 0-0 13. Qxc6 Rb8 14. Ne5 Nxe5 15. dxe5 Rb6 16. Qf3 f6 17. Rd1 Qe8 18. Nd5 exd5 19. Qxf5 fxe5 20. Qxe5 c6 21. Be3 Rb4 22. Qc3 Re4 23. Rac1 Re6 24. Bg4 Rd6 25. Bc5 Rh6 26. Bxc8 Bxc5 27. Qxc5 Qxc8 28. Rxd5 Qe6 29. Rd4 Qxa2 30. Qc4+ Qxc4 31. Rdxc4 Rb8 32. Rxc6 Rxc6 33. Rxc6 Rxb2 34. Rc8+ Kf7 35. Rc7+ Kf6 36. Rxa7 h5 37. h4 g6 38. Ra4 Kf5 39. g3 Rc2 40. Kg2 Rb2 41. Rf4+ Ke5 42. Kh3 Ra2 43. Rf8 Ra1 44. f3 Rb1 45. g4 hxg4+ 46. fxg4 Rh1+ 47. Kg3 Rg1+ 48. Kh3 Rh1+ 1/2-1/2

[Event "Mittelfranken Landesliga Nord 2122"]
[Site "Mittelfranken"]
[Date "2021.10.24"]
[Round "1.7"]
[White "Dittmann, Rainer"]
[Black "Redzepovic, Irfan"]
[Result "0-1"]
[WhiteElo "1900"]
[BlackElo "2063"]
[PlyCount "90"]
[EventDate "2021.10.24"]
[EventType "team-tourn"]
[EventRounds "9"]
[EventCountry "GER"]
[SourceTitle "EXT 2024"]
[Source "ChessBase"]
[SourceDate "2023.10.10"]
[SourceVersion "1"]
[SourceVersionDate "2023.10.10"]
[SourceQuality "1"]
[WhiteTeam "Schweinfurt"]
[BlackTeam "Nuernberg SW"]
[WhiteTeamCountry "GER"]
[BlackTeamCountry "GER"]

1. d4 d5 2. Nf3 Nf6 3. Bf4 e6 4. e3 c5 5. c3 Bd6 6. Bg3 Nc6 7. Nbd2 Bxg3 8. hxg3 Qd6 9. Bd3 h6 10. Qe2 cxd4 11. exd4 0-0 12. Ne5 Nd7 13. f4 f6 14. Nxc6 bxc6 15. Qg4 f5 16. Qe2 c5 17. Nf3 cxd4 18. cxd4 Rb8 19. b3 Nf6 20. 0-0 Ne4 21. Kh2 Rb4 22. Rac1 Bd7 23. Rc2 Rf6 24. Qe3 Be8 25. Ne5 Rf8 26. Rfc1 Nf6 27. Be2 Rb6 28. Rc7 a6 29. Ra7 Kh7 30. Rcc7 Rg8 31. g4 fxg4 32. Bd3+ Kh8 33. f5 exf5 34. Bxf5 g3+ 35. Qxg3 Nh5 36. Qh4 Rb4 37. Kg1 Qxe5 38. dxe5 Rxh4 39. Be6 Rf8 40. Bxd5 Ng3 41. Bf3 Nf5 42. Ra8 g5 43. Bc6 Ng3 44. Bf3 g4 45. Raa7 Bg6 0-1

[Event "Landesliga Nord 1920"]
[Site "Bayern"]
[Date "2020.09.13"]
[Round "8.6"]
[White "Dittmann, Rainer"]
[Black "Zoeller, Bernd"]
[Result "1/2-1/2"]
[WhiteElo "1891"]
[BlackElo "1881"]
[PlyCount "34"]
[EventDate "2019.09.29"]
[EventType "team-tourn"]
[EventRounds "9"]
[EventCountry "GER"]
[SourceTitle "EXT 2022"]
[Source "ChessBase"]
[SourceDate "2021.10.06"]
[SourceVersion "1"]
[SourceVersionDate "2021.10.06"]
[SourceQuality "1"]
[WhiteTeam "Schweinfurt"]
[BlackTeam "Klingenberg"]
[WhiteTeamCountry "GER"]
[BlackTeamCountry "GER"]

1. d4 Nf6 2. Nf3 e6 3. Bf4 b6 4. e3 Bb7 5. Nbd2 d5 6. Bd3 Bd6 7. Bg3 0-0 8. Qe2 Qe7 9. e4 dxe4 10. Nxe4 Nxe4 11. Bxe4 Bxe4 12. Qxe4 Nd7 13. Ne5 Bxe5 14. dxe5 Rfd8 15. 0-0 Nc5 16. Qf4 h6 17. Rad1 Rxd1 1/2-1/2

[Event "Landesliga Nord 1516"]
[Site "Bayern"]
[Date "2016.02.21"]
[Round "7.8"]
[White "Dittmann, Rainer"]
[Black "Buecker, Florian"]
[Result "1/2-1/2"]
[WhiteElo "1944"]
[BlackElo "1949"]
[PlyCount "49"]
[EventDate "2015.10.11"]
[EventType "team-tourn"]
[EventRounds "9"]
[EventCountry "GER"]
[SourceTitle "EXT 2018"]
[Source "ChessBase"]
[SourceDate "2017.10.13"]
[SourceVersion "1"]
[SourceVersionDate "2017.10.13"]
[SourceQuality "1"]
[WhiteTeam "Schweinfurt"]
[BlackTeam "Bamberg SC"]
[WhiteTeamCountry "GER"]
[BlackTeamCountry "GER"]

1. d4 d5 2. Nf3 Nf6 3. Bg5 c6 4. c3 Bf5 5. Nbd2 Nbd7 6. e3 Qb6 7. Qb3 e6 8. Be2 Bd6 9. Qxb6 axb6 10. Nh4 Bg6 11. Nxg6 hxg6 12. Bxf6 Nxf6 13. g3 Ke7 14. Kf1 b5 15. Kg2 e5 16. dxe5 Bxe5 17. a3 Nd7 18. Nf3 Bf6 19. Rad1 Nc5 20. Nd4 Kd6 21. Bf3 Rhe8 22. Rd2 Re7 23. Rhd1 Ne4 24. Bxe4 Rxe4 25. Nf3 1/2-1/2

[Event "Regionalliga NW 0708"]
[Site "Bayern"]
[Date "2007.11.04"]
[Round "2.7"]
[White "Dittmann, Rainer"]
[Black "Suess, Mirco"]
[Result "1/2-1/2"]
[WhiteElo "1940"]
[BlackElo "1954"]
[PlyCount "42"]
[EventDate "2007.10.21"]
[EventType "team-tourn"]
[EventRounds "9"]
[EventCountry "GER"]
[SourceTitle "EXT 2009"]
[Source "ChessBase"]
[SourceDate "2008.11.26"]
[SourceVersion "1"]
[SourceVersionDate "2008.11.26"]
[SourceQuality "1"]
[WhiteTeam "Schweinfurt"]
[BlackTeam "Klingenberg"]
[WhiteTeamCountry "GER"]
[BlackTeamCountry "GER"]

1. d4 d5 2. Nf3 c5 3. e3 Nf6 4. c4 e6 5. Nc3 Nc6 6. a3 dxc4 7. Bxc4 cxd4 8. exd4 Be7 9. 0-0 0-0 10. Be3 Nd5 11. Rc1 a6 12. Nxd5 exd5 13. Bd3 Bg4 14. h3 Bh5 15. g4 Bg6 16. Ne5 Na7 17. f4 Bxd3 18. Qxd3 f6 19. Nf3 Qd7 20. Kg2 Rac8 21. Nh4 Rxc1 1/2-1/2

[Event "Regionalliga NW 0708"]
[Site "Bayern"]
[Date "2007.10.21"]
[Round "1.8"]
[White "Dittmann, Rainer"]
[Black "Stumpf, Hilmar"]
[Result "0-1"]
[WhiteElo "1940"]
[BlackElo "1845"]
[PlyCount "44"]
[EventDate "2007.10.21"]
[EventType "team-tourn"]
[EventRounds "9"]
[EventCountry "GER"]
[SourceTitle "EXT 2009"]
[Source "ChessBase"]
[SourceDate "2008.11.26"]
[SourceVersion "1"]
[SourceVersionDate "2008.11.26"]
[SourceQuality "1"]
[WhiteTeam "Schweinfurt"]
[BlackTeam "Nordhalben"]
[WhiteTeamCountry "GER"]
[BlackTeamCountry "GER"]

1. d4 d6 2. Nf3 g6 3. e4 Nf6 4. Bd3 Bg7 5. c3 0-0 6. h3 c6 7. Bg5 Qc7 8. Nbd2 Nbd7 9. Qe2 e5 10. dxe5 Nxe5 11. Nxe5 dxe5 12. 0-0 Be6 13. a4 h6 14. Be3 Rfd8 15. Bc2 b6 16. f3 Kh7 17. g4 Ng8 18. Kg2 Bf6 19. Qf2 Qe7 20. a5 Bh4 21. Qe2 b5 22. Nb3 Bc4 0-1

[Event "Regionalliga NW 0607"]
[Site "Bayern"]
[Date "2007.02.04"]
[Round "5.5"]
[White "Dittmann, Rainer"]
[Black "Hefter, Franz"]
[Result "1/2-1/2"]
[WhiteElo "1966"]
[BlackElo "1906"]
[PlyCount "66"]
[EventDate "2006.10.15"]
[EventType "team-tourn"]
[EventRounds "9"]
[EventCountry "GER"]
[SourceTitle "EXT 2008"]
[Source "ChessBase"]
[SourceDate "2007.11.25"]
[SourceVersion "1"]
[SourceVersionDate "2007.11.25"]
[SourceQuality "1"]
[WhiteTeam "Schweinfurt"]
[BlackTeam "Schweinheim"]
[WhiteTeamCountry "GER"]
[BlackTeamCountry "GER"]

1. d4 Nf6 2. Nf3 g6 3. Bg5 Ne4 4. Bf4 Bg7 5. Nbd2 Nf6 6. e4 d6 7. h3 0-0 8. Bd3 Nc6 9. 0-0 Nh5 10. Be3 e5 11. dxe5 Nxe5 12. Nxe5 Bxe5 13. c3 Nf4 14. Bxf4 Bxf4 15. Nf3 Qf6 16. Nh2 h5 17. Qf3 Qe5 18. g3 Bh6 19. Qg2 Qe6 20. h4 Bd7 21. Rfe1 Bc6 22. Nf3 Bg7 23. Nd4 Bxd4 24. cxd4 Qf6 25. d5 Bd7 26. Rac1 c5 27. e5 dxe5 28. Rxc5 Bg4 29. Qe4 Rac8 30. Rxc8 Rxc8 31. Qxe5 Qxe5 32. Rxe5 Bf3 33. Kf1 Rc1+ 1/2-1/2

[Event "Regionalliga NW 0607"]
[Site "Bayern"]
[Date "2006.12.10"]
[Round "4.6"]
[White "Dittmann, Rainer"]
[Black "Becker, Alexander1111"]
[Result "1/2-1/2"]
[WhiteElo "1966"]
[BlackElo "1946"]
[PlyCount "26"]
[EventDate "2006.10.15"]
[EventType "team-tourn"]
[EventRounds "9"]
[EventCountry "GER"]
[SourceTitle "EXT 2008"]
[Source "ChessBase"]
[SourceDate "2007.11.25"]
[SourceVersion "1"]
[SourceVersionDate "2007.11.25"]
[SourceQuality "1"]
[WhiteTeam "Schweinfurt"]
[BlackTeam "Kronach"]
[WhiteTeamCountry "GER"]
[BlackTeamCountry "GER"]

1. d4 c5 2. d5 e5 3. e4 d6 4. f4 exf4 5. Bxf4 Nf6 6. Nd2 Be7 7. Ngf3 Bg4 8. Bd3 Nh5 9. Be3 Nd7 10. 0-0 0-0 11. Qe1 Bf6 12. a4 Qe7 13. c3 Rae8 1/2-1/2

[Event "Regionalliga NW 0607"]
[Site "Bayern"]
[Date "2006.11.19"]
[Round "3.6"]
[White "Kinkelin, Ulrich"]
[Black "Dittmann, Rainer"]
[Result "1/2-1/2"]
[WhiteElo "1896"]
[BlackElo "1966"]
[PlyCount "77"]
[EventDate "2006.10.15"]
[EventType "team-tourn"]
[EventRounds "9"]
[EventCountry "GER"]
[SourceTitle "EXT 2008"]
[Source "ChessBase"]
[SourceDate "2007.11.25"]
[SourceVersion "1"]
[SourceVersionDate "2007.11.25"]
[SourceQuality "1"]
[WhiteTeam "Wuerzburg II"]
[BlackTeam "Schweinfurt"]
[WhiteTeamCountry "GER"]
[BlackTeamCountry "GER"]

1. e4 Nf6 2. e5 Nd5 3. c4 Nb6 4. c5 Nd5 5. Nc3 Nxc3 6. dxc3 d6 7. Bg5 h6 8. Bh4 dxe5 9. Qb3 Qd7 10. Rd1 Qf5 11. Bc4 g5 12. Bxf7+ Qxf7 13. Rd8+ Kxd8 14. Qxf7 gxh4 15. Nf3 Nd7 16. 0-0 c6 17. b4 h5 18. Nxh4 Bh6 19. Ng6 Re8 20. Rd1 e6 21. Qh7 Bf8 22. Qxh5 a5 23. Qxe5 axb4 24. cxb4 Bh6 25. Qd6 Rxa2 26. Ne5 Re7 27. b5 Bg7 28. bxc6 Bxe5 29. c7+ Ke8 30. Qd3 Kf7 31. Qf3+ Bf6 32. Qh5+ Kf8 33. h4 Rf7 34. Qg6 Ke7 35. h5 Ne5 36. Qg8 Rf8 37. Qh7+ Rf7 38. Qg8 Rf8 39. Qh7+ 1/2-1/2

[Event "Landesliga Nord 0506"]
[Site "Bayern"]
[Date "2006.01.15"]
[Round "5.7"]
[White "Sargin, Anatol"]
[Black "Dittmann, Rainer"]
[Result "1-0"]
[WhiteElo "2089"]
[BlackElo "2034"]
[PlyCount "39"]
[EventDate "2005.10.23"]
[EventType "team"]
[EventRounds "9"]
[EventCountry "GER"]
[SourceTitle "EXT 2007"]
[Source "ChessBase"]
[SourceDate "2006.11.23"]
[SourceVersion "1"]
[SourceVersionDate "2006.11.23"]
[SourceQuality "1"]

1. f4 d5 2. Nf3 Nf6 3. b3 e6 4. Bb2 Bd6 5. e3 b6 6. Be2 Ba6 7. Bxa6 Nxa6 8. 0-0 Nc5 9. d3 Ncd7 10. Nbd2 c5 11. Qe1 Qc7 12. Qg3 Ke7 13. Ne5 Rag8 14. e4 dxe4 15. dxe4 Ne8 16. Rad1 Bxe5 17. fxe5 f6 18. Nc4 Qc6 19. Qd3 Nc7 20. Qd6+ 1-0

[Event "Landesliga Nord 0506"]
[Site "Bayern"]
[Date "2005.11.27"]
[Round "3.7"]
[White "Schweizer, Wolfgang D"]
[Black "Dittmann, Rainer"]
[Result "1-0"]
[WhiteElo "2006"]
[BlackElo "2034"]
[PlyCount "33"]
[EventDate "2005.10.23"]
[EventType "team"]
[EventRounds "9"]
[EventCountry "GER"]
[SourceTitle "EXT 2007"]
[Source "ChessBase"]
[SourceDate "2006.11.23"]
[SourceVersion "1"]
[SourceVersionDate "2006.11.23"]
[SourceQuality "1"]

1. e4 Nf6 2. e5 Nd5 3. Qf3 e6 4. d4 Nc6 5. c3 d6 6. exd6 Bxd6 7. Bd3 Qf6 8. Nd2 Qxf3 9. Ngxf3 Nf4 10. Bf1 e5 11. dxe5 Nxe5 12. Nxe5 Bxe5 13. Nc4 Ng6 14. Nxe5 Nxe5 15. Bf4 0-0 16. Bxe5 Re8 17. 0-0-0 1-0

[Event "Landesliga Nord 0506"]
[Site "Bayern"]
[Date "2005.10.23"]
[Round "1.6"]
[White "Kreuzer, Helmut"]
[Black "Dittmann, Rainer"]
[Result "1-0"]
[WhiteElo "2174"]
[BlackElo "2034"]
[PlyCount "73"]
[EventDate "2005.10.23"]
[EventType "team"]
[EventRounds "9"]
[EventCountry "GER"]
[SourceTitle "EXT 2007"]
[Source "ChessBase"]
[SourceDate "2006.11.23"]
[SourceVersion "1"]
[SourceVersionDate "2006.11.23"]
[SourceQuality "1"]

1. d4 d5 2. c4 e6 3. Nc3 Nf6 4. Bg5 Nbd7 5. e3 c6 6. cxd5 exd5 7. Bd3 Be7 8. Qc2 Nf8 9. Nf3 g6 10. 0-0 Ne6 11. Bh4 0-0 12. Rab1 a6 13. b4 Ne8 14. Bxe7 Qxe7 15. a4 Ng5 16. Nxg5 Qxg5 17. b5 axb5 18. axb5 Nd6 19. bxc6 bxc6 20. Rb6 Bd7 21. Rfb1 Rac8 22. Na4 Rfe8 23. Kh1 Nf5 24. Nc5 Nh4 25. Rg1 Bg4 26. Be2 Bf5 27. Qd2 Bg4 28. Bxg4 Qxg4 29. Nd3 Qf5 30. Rc1 Re4 31. Ne1 Rg4 32. f3 Re8 33. Rbxc6 Rg5 34. Qf2 Nxg2 35. Nxg2 Rh5 36. Nf4 Rh6 37. R6c5 1-0

[Event "Regionalliga NW 0405"]
[Site "Bayern"]
[Date "2005.03.13"]
[Round "8.6"]
[White "Elzinger, Wilfried"]
[Black "Dittmann, Rainer"]
[Result "1/2-1/2"]
[WhiteElo "1969"]
[BlackElo "2020"]
[PlyCount "75"]
[EventDate "2004.10.24"]
[EventType "team-tourn"]
[EventRounds "9"]
[EventCountry "GER"]
[SourceTitle "EXT 2007"]
[Source "ChessBase"]
[SourceDate "2006.11.23"]
[SourceVersion "1"]
[SourceVersionDate "2006.11.23"]
[SourceQuality "1"]
[WhiteTeam "Coburg"]
[BlackTeam "Schweinfurt"]
[WhiteTeamCountry "GER"]
[BlackTeamCountry "GER"]

1. d4 d5 2. Bf4 Nf6 3. e3 Bf5 4. c3 e6 5. Nf3 Bd6 6. Bg3 Ne4 7. Nbd2 Nxg3 8. hxg3 Nd7 9. Nh4 Qf6 10. Nxf5 Qxf5 11. g4 Qg5 12. f4 Qe7 13. Bd3 f5 14. g5 c6 15. g4 0-0-0 16. Qe2 g6 17. 0-0-0 Qg7 18. Rh6 c5 19. gxf5 exf5 20. Bxf5 Rhe8 21. Bxd7+ Rxd7 22. Qf3 cxd4 23. cxd4 Bf8 24. Rdh1 Qg8 25. R6h4 Bb4 26. a3 Rc7+ 27. Kd1 Ba5 28. Qh3+ Kb8 29. Rxh7 Rxh7 30. Qxh7 Qe6 31. Qh3 Qc6 32. b4 Qa4+ 33. Ke2 Bb6 34. e4 Bxd4 35. Qd3 Bb2 36. Qxd5 Bxa3 37. b5 Bb4 38. Qd7 1/2-1/2

[Event "Regionalliga NW 0405"]
[Site "Bayern"]
[Date "2005.02.13"]
[Round "7.6"]
[White "Dittmann, Rainer"]
[Black "Schleupner, Kurt"]
[Result "1-0"]
[WhiteElo "2020"]
[BlackElo "2020"]
[PlyCount "123"]
[EventDate "2004.10.24"]
[EventType "team-tourn"]
[EventRounds "9"]
[EventCountry "GER"]
[SourceTitle "EXT 2007"]
[Source "ChessBase"]
[SourceDate "2006.11.23"]
[SourceVersion "1"]
[SourceVersionDate "2006.11.23"]
[SourceQuality "1"]
[WhiteTeam "Schweinfurt"]
[BlackTeam "Hof"]
[WhiteTeamCountry "GER"]
[BlackTeamCountry "GER"]

1. d4 Nf6 2. Nf3 g6 3. Bg5 Bg7 4. Nbd2 d6 5. e3 0-0 6. Be2 b6 7. 0-0 Bb7 8. c4 Nbd7 9. Qc2 a5 10. Rab1 e6 11. b3 Qc8 12. a3 Re8 13. b4 h6 14. Bxf6 Nxf6 15. c5 bxc5 16. bxc5 Ba6 17. Bb5 Bxb5 18. Rxb5 c6 19. Rb3 d5 20. Ne5 Nd7 21. Nxd7 Qxd7 22. f4 Bf6 23. Rfb1 Rec8 24. Nf3 Qe8 25. Rb6 Bd8 26. Rb7 Bc7 27. Qa4 Kf8 28. Kf2 Kg8 29. g3 Ra6 30. Kg2 Qd8 31. Qc2 Qe8 32. h4 Raa8 33. Qa4 Ra6 34. Qd1 f5 35. Qc2 Raa8 36. Qe2 Kh8 37. Qc2 Ra6 38. Qa4 Raa8 39. Qc2 Qd8 40. Qe2 Kg8 41. Ne1 Kh8 42. Nd3 Qe8 43. Nf2 h5 44. Nd1 Qd8 45. Nc3 Kg8 46. Na4 Kf8 47. Nb6 Bxb6 48. R1xb6 Rc7 49. Qb2 Ke8 50. Rxc7 Qxc7 51. Rb7 Qc8 52. Qb6 Kf8 53. Rc7 Qa6 54. Qxa6 Rxa6 55. Kf2 a4 56. Ke2 Ra5 57. Rxc6 Ke7 58. Rb6 Kd7 59. Kd2 Ra7 60. Kc3 Ra8 61. Kb4 Ra7 62. Kb5 1-0

[Event "Regionalliga NW 0405"]
[Site "Bayern"]
[Date "2005.01.16"]
[Round "5.6"]
[White "Gehlert, Klaus"]
[Black "Dittmann, Rainer"]
[Result "1-0"]
[WhiteElo "2030"]
[BlackElo "2020"]
[PlyCount "41"]
[EventDate "2004.10.24"]
[EventType "team-tourn"]
[EventRounds "9"]
[EventCountry "GER"]
[SourceTitle "EXT 2007"]
[Source "ChessBase"]
[SourceDate "2006.11.23"]
[SourceVersion "1"]
[SourceVersionDate "2006.11.23"]
[SourceQuality "1"]
[WhiteTeam "Wuerzburg II"]
[BlackTeam "Schweinfurt"]
[WhiteTeamCountry "GER"]
[BlackTeamCountry "GER"]

1. d4 d5 2. c4 e6 3. Nc3 Nf6 4. cxd5 exd5 5. Bg5 Be7 6. Qc2 c6 7. e3 Ne4 8. Bxe7 Qxe7 9. Nxd5 cxd5 10. Qxc8+ Qd8 11. Bb5+ Ke7 12. Qxb7+ Kf6 13. a3 Nd6 14. Qxd5 Nxb5 15. Qxb5 Nd7 16. Nf3 h6 17. Rc1 Rb8 18. Rc6+ Ke7 19. Qd5 Rxb2 20. 0-0 Re8 21. Qd6# 1-0

[Event "Regionalliga NW 0405"]
[Site "Bayern"]
[Date "2004.12.12"]
[Round "4.6"]
[White "Dittmann, Rainer"]
[Black "Hasenstab, Armin"]
[Result "1-0"]
[WhiteElo "2020"]
[BlackElo "1972"]
[PlyCount "97"]
[EventDate "2004.10.24"]
[EventType "team-tourn"]
[EventRounds "9"]
[EventCountry "GER"]
[SourceTitle "EXT 2007"]
[Source "ChessBase"]
[SourceDate "2006.11.23"]
[SourceVersion "1"]
[SourceVersionDate "2006.11.23"]
[SourceQuality "1"]
[WhiteTeam "Schweinfurt"]
[BlackTeam "Schweinheim"]
[WhiteTeamCountry "GER"]
[BlackTeamCountry "GER"]

1. d4 d5 2. Nf3 Nf6 3. Bg5 e6 4. e3 c6 5. Nbd2 Nbd7 6. Bd3 Bd6 7. 0-0 e5 8. dxe5 Nxe5 9. Nxe5 Bxe5 10. c3 Qb6 11. Qc2 h6 12. Bxf6 Bxf6 13. e4 d4 14. e5 Be7 15. Nc4 Qd8 16. cxd4 Qxd4 17. Rad1 Be6 18. Be2 Qc5 19. b4 Qxb4 20. Rb1 Qc5 21. Rxb7 0-0 22. Bd3 Rfd8 23. Ne3 Qxc2 24. Bxc2 Bc5 25. Bb3 Bxb3 26. axb3 Re8 27. Nc4 Rad8 28. g3 Rd3 29. Kg2 g5 30. Re1 Re6 31. Re2 g4 32. h3 h5 33. hxg4 hxg4 34. b4 Bf8 35. Re4 f5 36. Rf4 Re7 37. Rb8 Rf3 38. Rxf3 gxf3+ 39. Kxf3 Rg7 40. Nd6 Rg4 41. Nxf5 Rxb4 42. Ne7+ Kf7 43. Rxb4 Bxe7 44. Rc4 c5 45. Ra4 Ke6 46. Ke4 Bd8 47. Rxa7 c4 48. f4 Bb6 49. f5# 1-0

[Event "Regionalliga NW 0405"]
[Site "Bayern"]
[Date "2004.11.14"]
[Round "2.5"]
[White "Feller, Simon"]
[Black "Dittmann, Rainer"]
[Result "0-1"]
[WhiteElo "1766"]
[BlackElo "2020"]
[PlyCount "90"]
[EventDate "2004.10.24"]
[EventType "team-tourn"]
[EventRounds "9"]
[EventCountry "GER"]
[SourceTitle "EXT 2007"]
[Source "ChessBase"]
[SourceDate "2006.11.23"]
[SourceVersion "1"]
[SourceVersionDate "2006.11.23"]
[SourceQuality "1"]
[WhiteTeam "Sailauf"]
[BlackTeam "Schweinfurt"]
[WhiteTeamCountry "GER"]
[BlackTeamCountry "GER"]

1. d4 d5 2. c4 e6 3. Nc3 Nf6 4. Bg5 Nbd7 5. e3 c6 6. Nf3 Qa5 7. Bxf6 Nxf6 8. a3 Ne4 9. Qc2 Bb4 10. Rc1 Bxc3+ 11. bxc3 Qxa3 12. Bd3 f5 13. 0-0 Qe7 14. c5 b5 15. Ne5 Bd7 16. f3 Nf6 17. e4 f4 18. exd5 Nxd5 19. Bxh7 Qh4 20. Bg6+ Ke7 21. Ng4 Ne3 22. Nxe3 Qxh2+ 23. Kf2 Qg3+ 24. Ke2 fxe3 25. Kxe3 Rh2 26. Rg1 Rf8 27. Be4 a5 28. Qf2 Qf4+ 29. Kd3 Qg5 30. Ra1 a4 31. Qd2 Qg3 32. c4 e5 33. cxb5 Bf5 34. Bxf5 Rxf5 35. bxc6 Rh4 36. Rxa4 Rxf3+ 37. Kc2 Rf2 38. Ra7+ Kd8 39. Rb1 Rxd2+ 40. Kxd2 Qf4+ 41. Kc2 Qe4+ 42. Kb2 Qxd4+ 43. Ka2 Qc4+ 44. Ka1 Qc3+ 45. Ka2 Qc2+ 0-1

[Event "Regionalliga NW 0304"]
[Site "Bayern"]
[Date "2004.04.25"]
[Round "9.5"]
[White "Dittmann, Rainer"]
[Black "Basel, Matthias"]
[Result "1-0"]
[WhiteElo "2031"]
[BlackElo "1978"]
[PlyCount "91"]
[EventDate "2003.10.12"]
[EventType "team-tourn"]
[EventRounds "9"]
[EventCountry "GER"]
[SourceTitle "EXT 2006"]
[Source "ChessBase"]
[SourceDate "2005.11.24"]
[SourceVersion "1"]
[SourceVersionDate "2005.11.24"]
[SourceQuality "1"]
[WhiteTeam "Schweinfurt"]
[BlackTeam "Kitzingen"]
[WhiteTeamCountry "GER"]
[BlackTeamCountry "GER"]

1. d4 Nf6 2. Nf3 e6 3. Bg5 Be7 4. Nbd2 d5 5. e3 0-0 6. Bd3 b6 7. Qe2 c5 8. c3 Bb7 9. Bxf6 Bxf6 10. h4 Nc6 11. Bxh7+ Kxh7 12. Ng5+ Kh6 13. Qg4 e5 14. f4 exd4 15. cxd4 Qc8 16. f5 Qc7 17. Ne6 Qe7 18. Qg5+ Kh7 19. Qh5+ Kg8 20. Ng5 Bxg5 21. hxg5 f6 22. Qh7+ Kf7 23. Qg6+ Kg8 24. 0-0-0 Qe8 25. Qh7+ Kf7 26. g6+ Ke7 27. Qxg7+ Kd6 28. dxc5+ Kxc5 29. Qxb7 Rb8 30. Qc7 Rc8 31. Qf4 Kb5 32. Kb1 Rh8 33. Qf1+ Kc5 34. Nb3+ Kd6 35. Rxh8 Qxh8 36. Qf4+ Ne5 37. Qb4+ Kc6 38. Qe7 Kb5 39. Rxd5+ Ka6 40. Rd1 Qh5 41. Rf1 Qe2 42. Rc1 Rxc1+ 43. Nxc1 Qxg2 44. Qa3+ Kb7 45. Qa4 Kc8 46. Qc2+ 1-0

[Event "Regionalliga NW 0304"]
[Site "Bayern"]
[Date "2004.02.15"]
[Round "6.4"]
[White "Dittmann, Rainer"]
[Black "Vogt, Thomas"]
[Result "1/2-1/2"]
[WhiteElo "2031"]
[BlackElo "2014"]
[PlyCount "62"]
[EventDate "2003.10.12"]
[EventType "team-tourn"]
[EventRounds "9"]
[EventCountry "GER"]
[SourceTitle "EXT 2006"]
[Source "ChessBase"]
[SourceDate "2005.11.24"]
[SourceVersion "1"]
[SourceVersionDate "2005.11.24"]
[SourceQuality "1"]
[WhiteTeam "Schweinfurt"]
[BlackTeam "Wuerzburg II"]
[WhiteTeamCountry "GER"]
[BlackTeamCountry "GER"]

1. d4 Nf6 2. Nf3 e6 3. Bg5 c5 4. e3 Be7 5. Nbd2 h6 6. Bf4 0-0 7. c3 b6 8. h3 d6 9. Bd3 Ba6 10. Qe2 Bxd3 11. Qxd3 d5 12. 0-0 Nc6 13. Ne5 Qc8 14. Qb5 Nxe5 15. Bxe5 Nd7 16. Nf3 c4 17. Qa4 Qb7 18. Qc2 b5 19. Rfe1 a5 20. e4 Nb6 21. exd5 Qxd5 22. Bf4 Nd7 23. Ne5 Rac8 24. Re3 Nf6 25. Qe2 Kh8 26. Re1 b4 27. Rg3 bxc3 28. bxc3 Qb5 29. Rf3 Nd5 30. Bd2 Nf6 31. Rg3 Rc7 1/2-1/2

[Event "Regionalliga NW 0001"]
[Site "Bayern"]
[Date "2001.02.18"]
[Round "6"]
[White "Dittmann, Rainer"]
[Black "Kuhn, Norbert"]
[Result "0-1"]
[WhiteElo "2075"]
[BlackElo "2135"]
[PlyCount "92"]
[EventDate "2000.10.15"]
[EventType "team-tourn"]
[EventRounds "9"]
[EventCountry "GER"]
[SourceTitle "EXT 2020"]
[Source "ChessBase"]
[SourceDate "2019.10.17"]
[SourceVersion "1"]
[SourceVersionDate "2019.10.17"]
[SourceQuality "1"]
[WhiteTeam "Schweinfurt Fr"]
[BlackTeam "Wuerzburg II"]
[WhiteTeamCountry "GER"]
[BlackTeamCountry "GER"]

1. d4 Nf6 2. Nf3 e6 3. Bg5 c5 4. e3 Qb6 5. Qc1 Ne4 6. Bf4 Nc6 7. c3 d5 8. Nbd2 f5 9. Be2 Be7 10. Ne5 0-0 11. h4 Nxe5 12. Bxe5 Bd7 13. f3 Nxd2 14. Qxd2 Bb5 15. h5 Bxe2 16. Qxe2 Bd6 17. Bxd6 Qxd6 18. f4 Rab8 19. 0-0 b5 20. a3 c4 21. g4 fxg4 22. Qxg4 Rf5 23. Rf2 Qd7 24. Rh2 a5 25. Kf2 Rb7 26. Kf3 Rf8 27. Rg2 Qf7 28. e4 dxe4+ 29. Kxe4 Qd7 30. Ke3 Qd6 31. Rag1 b4 32. axb4 axb4 33. Qf3 bxc3 34. bxc3 Re7 35. Qe4 e5 36. dxe5 Qe6 37. h6 Qxh6 38. Qxc4+ Kh8 39. Qd4 Qe6 40. Rd1 Qh3+ 41. Kf2 Ref7 42. Kg1 h6 43. Rf1 Qe6 44. Qe3 g5 45. Rd1 gxf4 46. Rd6 Qxd6 0-1